| 000 | 00442nam a22001577a 4500 | ||
|---|---|---|---|
| 003 | SISC | ||
| 005 | 20160906080049.0 | ||
| 008 | 130205t xxu||||| |||| 00| 0 eng d | ||
| 050 |
_aKF 5624.61 _b.R457 2015 |
||
| 100 | _aReyes, Virgilio D. | ||
| 245 |
_aIncome tax law and accounting / _cVirgilio D. Reyes |
||
| 260 |
_aManila : _bV. D. Reyes, _c2015. |
||
| 300 |
_axviii, various pages ; _c23 cm. |
||
| 942 |
_2lcc _cBK _kLOC |
||
| 999 |
_c300768 _d300768 |
||